Una chiquita gigante = A giant little girl / (Registro nro. 14455)

Detalles MARC
000 -LEADER
fixed length control field 01167nam a2200325 i 4500
003 - CONTROL NUMBER IDENTIFIER
control field DO-SdBNP
005 - DATE AND TIME OF LATEST TRANSACTION
control field 20230801104429.0
007 - PHYSICAL DESCRIPTION FIXED FIELD--GENERAL INFORMATION
fixed length control field ta
008 - FIXED-LENGTH DATA ELEMENTS--GENERAL INFORMATION
fixed length control field 210825b 2020 dr 00| 0 eng d
020 ## - INTERNATIONAL STANDARD BOOK NUMBER
International Standard Book Number 9789945095876
040 ## - CATALOGING SOURCE
Original cataloging agency DO-SdBNP
Language of cataloging spa
Transcribing agency BPMSU
Description conventions rda
082 #4 - DEWEY DECIMAL CLASSIFICATION NUMBER
Classification number RD863.5
Item number M375u, 2020
Edition number 22
100 1# - MAIN ENTRY--PERSONAL NAME
Personal name Marte, Belkis M.,
Relator term autora
245 10 - TITLE STATEMENT
Title Una chiquita gigante = A giant little girl /
Statement of responsibility, etc. Belkis Marte Martich ; editor, Ramón Saba ; traducción, Rhina P. Espaillat ; ilustración, Ezequiel Martínez.
250 ## - EDITION STATEMENT
Edition statement 2a ed.
264 #1 - PRODUCTION, PUBLICATION, DISTRIBUTION, MANUFACTURE, AND COPYRIGHT NOTICE
Place of production, publication, distribution, manufacture Santo Domingo :
Name of producer, publisher, distributor, manufacturer s.n.,
Date of production, publication, distribution, manufacture, or copyright notice 2020.
300 ## - PHYSICAL DESCRIPTION
Extent 62 p.áginas :
Other physical details ilustraciones ;
Dimensions 27 cm.
336 ## - CONTENT TYPE
Source rdacontent
Content type term texto
Content type code txt
337 ## - MEDIA TYPE
Source rdamedia
Media type term sin mediación
Media type code n
338 ## - CARRIER TYPE
Source rdacarrier
Carrier type term volumen
Carrier type code nc
500 ## - GENERAL NOTE
General note Incluye datos biográficos de la autora en las solapas
590 ## - LOCAL NOTE (RLIN)
Local note Inventariado, 2021/BT
650 #4 - SUBJECT ADDED ENTRY--TOPICAL TERM
Topical term or geographic name as entry element Cuentos infantiles dominicanos
650 #4 - SUBJECT ADDED ENTRY--TOPICAL TERM
Topical term or geographic name as entry element Literatura infantil dominicana
700 1# - ADDED ENTRY--PERSONAL NAME
Personal name Saba, Ramón ,
Dates associated with a name editor
700 1# - ADDED ENTRY--PERSONAL NAME
Personal name Espaillat, Rhina P. ,
Relator term traducción
700 1# - ADDED ENTRY--PERSONAL NAME
Personal name Martínez, Ezequiel ,
Relator term ilustraciones
910 ## - USER-OPTION DATA (OCLC)
User-option data VMateo V. Control de calidad. BPMSU
942 ## - ADDED ENTRY ELEMENTS (KOHA)
Source of classification or shelving scheme Dewey Decimal Classification
Koha item type Libros
Existencias
Withdrawn status Lost status Source of classification or shelving scheme Damaged status Not for loan Collection code Home library Current library Date acquired Total Checkouts Full call number Barcode Date last seen Price effective from Koha item type Copy number
    Dewey Decimal Classification     Colección Infantil Dominicana Biblioteca Pública Metropolitana Salomé Ureña Biblioteca Pública Metropolitana Salomé Ureña 08/01/2023   BPMSU CID RD863.5 M375u, 2020 BPMSU23080003 08/01/2023 08/01/2023 Libros  
    Dewey Decimal Classification     Colección Infantil Dominicana Biblioteca Pública Metropolitana Salomé Ureña Biblioteca Pública Metropolitana Salomé Ureña 08/01/2023   BPMSU CID RD863.5 M375u, 2020 BPMSU23080004 08/01/2023 08/01/2023 Libros e.2